|
|
|
|
| LEADER |
00000nam0a2200000 4500 |
| 001 |
319121 |
| 005 |
20231102003140.0 |
| 035 |
|
|
|a (RuTPU)RU\TPU\book\344626
|
| 090 |
|
|
|a 319121
|
| 100 |
|
|
|a 20160520d1972 m y0rusy50 ca
|
| 101 |
0 |
|
|a rus
|
| 102 |
|
|
|a BY
|
| 105 |
|
|
|a a z 001zy
|
| 200 |
1 |
|
|a Заповедники Белоруссии
|f В. А. Чантурия, Ф. В. Борисевич, А. С. Сарданов
|
| 210 |
|
|
|a Минск
|c Полымя
|d 1972
|
| 215 |
|
|
|a 120 с.
|c ил.
|
| 320 |
|
|
|a Библиография в конце разделов.
|
| 606 |
1 |
|
|a Памятники
|x Скульптурные
|x Архитектурные
|2 stltpush
|3 (RuTPU)RU\TPU\subj\48047
|9 66926
|
| 610 |
1 |
|
|a Белоруссия
|
| 610 |
1 |
|
|a мемориальные комплексы
|
| 610 |
1 |
|
|a Хатынь
|
| 610 |
1 |
|
|a Брестская крепость
|
| 610 |
1 |
|
|a историко-археологические музеи
|
| 675 |
|
|
|a 725.94
|v 4
|
| 700 |
|
1 |
|a Чантурия
|b В. А.
|g Владимир Александрович
|
| 701 |
|
1 |
|a Борисевич
|b Ф. В.
|
| 701 |
|
1 |
|a Сарданов
|b А. С.
|
| 801 |
|
1 |
|a RU
|b 63413507
|c 20160520
|
| 801 |
|
2 |
|a RU
|b 63413507
|c 20200723
|g RCR
|
| 942 |
|
|
|c BK
|